000 00405 a2200121 4500
001 ART_5713
005 20260410161617.0
008 260409a
245 1 0 _aNecesidad de una gestión eficiente en los prestadores de salud. La importancia de los costos
100 1 _aIacomucci, Norma H.
700 1 _aGonzález Escudero, Alejandro
773 0 _tEnfoques
_g- Nº 11 (nov. 2006)
_wREV416
999 _c11193
_d11193